000
00279 a2200097 4500
020
_a
9780190124748
100
_a
Amita Dhanda, ed.
245
_a
Law, Justice, Society: selected works of Upendra Baxi- Human rights volume 1
260
_b
Oxford University Press
_c
2026
942
_c
OO
999
_c
116174
_d
116173